000
00311nam a2200133Ia 4500
005
20251222141846.0
008
251222s9999||||xx |||||||||||||| ||spa||
020
_a
84-8088-524-6
082
_a
658.3/D31
100
_a
Davenport, Thomas O.
245
0
_a
Capital Humano:
264
_b
Gestión 2000
942
_c
LIB
999
_c
7580
_d
7580